La renovación industrial también afecta al sector productivo /

Сохранить в:
Библиографические подробности
Главный автор: Campos, Leticia
Формат: Текст
Метки: Добавить метку
Нет меток, Требуется 1-ая метка записи!

MARC

LEADER 00000 a a2200000 04500
001 45765
003
040
100 |a Campos, Leticia  
245 |a La renovación industrial también afecta al sector productivo /  |c Leticia Campos  
773 |g número38 (1988), páginas 10-11  
999 |c 39147  |d 39147